MARC

LEADER 00000nam0a2200000 4500
001 298435
005 20231102001113.0
035 |a (RuTPU)RU\TPU\book\323578 
090 |a 298435 
100 |a 20150618d1984 m y0rusy50 ca 
101 0 |a rus 
102 |a RU 
105 |a y z 001zy 
200 1 |a Ядерное безумие в ранге государственной политики  |f Р. Г. Богданов 
210 |a Москва  |c Политиздат  |d 1984 
215 |a 240 с. 
320 |a Библиогр.: с. 229-239 
606 1 |a Милитаризм  |y В США  |2 stltpush  |3 (RuTPU)RU\TPU\subj\43884  |9 63325 
610 1 |a гонка вооружений 
610 1 |a ядерная война 
610 1 |a военная угроза 
610 1 |a государственная политика 
610 1 |a ядерное оружие 
610 1 |a ядерная стратегия 
610 1 |a 20 век 
686 |a Ф4(7США)  |v LBC/SL-A  |2 rubbk 
700 1 |a Богданов  |b Р. Г.  |g Радомир Георгиевич 
801 1 |a RU  |b 63413507  |c 20150618 
801 2 |a RU  |b 63413507  |c 20180601  |g RCR 
942 |c BK